Coats of Arms: Asia - Statistics

General Stats
  • This quiz has been taken 70 times
  • The average score is 39 of 48
Answer Stats
Picture Answer % Correct
South Korea
96%
Israel
94%
Taiwan
94%
Turkey
94%
China
92%
Iran
92%
Iraq
92%
Nepal
92%
United Arab Emirates
92%
Lebanon
90%
Maldives
90%
Kuwait
88%
Myanmar
88%
North Korea
88%
Turkmenistan
88%
Bahrain
86%
Philippines
86%
Uzbekistan
86%
Vietnam
86%
Jordan
84%
Laos
84%
Mongolia
84%
Pakistan
84%
Tajikistan
84%
Yemen
84%
India
82%
Azerbaijan
80%
Brunei
80%
Japan
80%
Qatar
80%
Singapore
80%
Sri Lanka
80%
Oman
78%
Saudi Arabia
76%
Afghanistan
73%
Georgia
73%
Malaysia
73%
Timor Leste
73%
Thailand
71%
Bhutan
69%
Kyrgyzstan
69%
Armenia
67%
Cambodia
65%
Cyprus
65%
Syria
65%
Indonesia
61%
Kazakhstan
61%
Bangladesh
53%
No matching quizzes found
Score Distribution
Percent of People with Each Score
Percentile by Number Answered
Your Score History
You have not taken this quiz